Marvel Nemesis: Rise of the Imperfects Playable Characters - Statistics

General Stats
  • This quiz has been taken 49 times
  • The average score is 9 of 18
Answer Stats
Hint Answer % Correct
Hero Iron Man
93%
Hero Spider-Man
93%
Hero Wolverine
86%
Hero Venom
72%
Hero Daredevil
69%
Hero The Thing
69%
Hero Storm
62%
Hero Human Torch
55%
Hero Magneto
55%
Hero Elektra
45%
Imperfects Johnny Ohm
34%
Imperfects Hazmat
31%
Imperfects Solara
28%
Imperfects The Wink
28%
Imperfects Brigade
24%
Imperfects Fault Zone
21%
Imperfects Paragon
21%
Imperfects Niles Van Roekel
14%
No matching quizzes found
Score Distribution
Percent of People with Each Score
Percentile by Number Answered
Your Score History
You have not taken this quiz